[Event "Porto Mannu Open 2009"]
[Site "Palau"]
[Date "2009.05.16"]
[Round "1.21"]
[White "Zozulia, Anna"]
[Black "Zoldan, Matteo"]
[Result "1-0"]
[WhiteElo "2371"]
[BlackElo "2200"]
[PlyCount "79"]
[EventDate "2009.05.16"]

1. e4 c5 2. Nf3 d6 3. d4 cxd4 4. Nxd4 Nf6 5. Nc3 e6 6. Be2 a6 7. a4 Nc6 8. O-O
Be7 9. Kh1 O-O 10. f4 Qc7 11. Be3 Re8 12. Nb3 b6 13. Qe1 Rb8 14. Qg3 Bb7 15. f5
exf5 16. Rxf5 Ne5 17. Bd3 Kh8 18. Nd4 Bd8 19. h3 Ng6 20. Qf2 Re5 21. Rf1 Kg8
22. Rxe5 dxe5 23. Nf5 Bc8 24. Bg5 Qc5 25. Qf3 Bxf5 26. Qxf5 Ne7 27. Qf3 Nc6 28.
Nd5 Nd4 29. Qf2 b5 30. axb5 axb5 31. Bxf6 Bxf6 32. Nxf6+ gxf6 33. Qxf6 Qc7 34.
Qg5+ Kh8 35. Rxf7 Qxf7 36. Qxe5+ Kg8 37. Qxb8+ Kg7 38. Qe5+ Qf6 39. Qxf6+ Kxf6
40. c3 1-0

[Event "Porto Mannu Open 2009"]
[Site "Palau"]
[Date "2009.05.17"]
[Round "2.1"]
[White "Vocaturo, D. (IM)."]
[Black "Tiviakov, S. (GM)."]
[Result "1/2-1/2"]
[WhiteElo "2480"]
[BlackElo "2697"]
[PlyCount "67"]
[EventDate "2009.05.16"]
[EventCountry "ITA"]

1. e4 d5 2. exd5 Qxd5 3. Nc3 Qd6 4. d4 Nf6 5. Nf3 c6 6. Ne5 Nbd7 7. Bf4 Nd5 8.
Bg3 Nxe5 9. Bxe5 Qb4 10. a3 Qa5 11. Qd2 Bf5 12. Bc4 e6 13. O-O f6 14. Bg3 Be7
15. Rfe1 O-O 16. b4 Qd8 17. Bd3 Qd7 18. Re2 Bxd3 19. Qxd3 a5 20. Nxd5 exd5 21.
Rae1 Rf7 22. c3 axb4 23. axb4 Bf8 24. h3 Re7 25. Rxe7 Bxe7 26. Rb1 b5 27. Re1
Bf8 28. Qe2 Qf5 29. Qe6+ Qxe6 30. Rxe6 Rc8 31. Re2 Ra8 32. Re6 Rc8 33. Re2 Ra8
34. Re6 1/2-1/2

[Event "Porto Mannu Open 2009"]
[Site "Palau"]
[Date "2009.05.17"]
[Round "2.2"]
[White "Skembris, S. (GM)."]
[Black "Malakhatko, V. (GM)."]
[Result "1/2-1/2"]
[WhiteElo "2434"]
[BlackElo "2618"]
[PlyCount "38"]
[EventDate "2009.05.16"]
[EventCountry "ITA"]

1. c4 e6 2. Nf3 d5 3. g3 Nf6 4. Bg2 dxc4 5. Qa4+ Nbd7 6. Qxc4 a6 7. Qc2 c5 8.
Nc3 Ra7 9. d4 b6 10. O-O Bb7 11. e4 cxd4 12. Nxd4 Qa8 13. Re1 Bb4 14. a3 Bxc3
15. Qxc3 O-O 16. f3 Rc8 17. Qe3 Qb8 18. Bd2 Ba8 19. Bf1 Ne5 1/2-1/2

[Event "Porto Mannu Open 2009"]
[Site "Palau"]
[Date "2009.05.17"]
[Round "2.4"]
[White "Marin, M. (GM)."]
[Black "Collutiis, D. (IM)."]
[Result "1/2-1/2"]
[WhiteElo "2564"]
[BlackElo "2451"]
[PlyCount "55"]
[EventDate "2009.05.16"]
[EventCountry "ITA"]

1. c4 g6 2. g3 Bg7 3. Bg2 Nf6 4. Nc3 d6 5. d4 O-O 6. Nf3 Nbd7 7. O-O e5 8. e4
c6 9. b3 exd4 10. Nxd4 Re8 11. h3 Nc5 12. Re1 d5 13. cxd5 cxd5 14. exd5 Rxe1+
15. Qxe1 Nd3 16. Qd1 Nxc1 17. Rxc1 Bd7 18. Nc2 Rc8 19. Ne3 b5 20. Ne2 Rxc1 21.
Qxc1 Qb6 22. Qd2 h5 23. Nc2 Qc5 24. b4 Qd6 25. Ncd4 Bf8 26. Nc2 Bg7 27. Ncd4
Bf8 28. Nc2 1/2-1/2

[Event "Porto Mannu Open 2009"]
[Site "Palau"]
[Date "2009.05.17"]
[Round "2.5"]
[White "Conquest, S. (GM)."]
[Black "Pelletier, Y. (GM)."]
[Result "1-0"]
[WhiteElo "2549"]
[BlackElo "2559"]
[PlyCount "57"]
[EventDate "2009.05.16"]
[EventCountry "ITA"]

1. e4 e5 2. Nf3 Nc6 3. Bb5 a6 4. Ba4 Nf6 5. O-O Be7 6. d3 b5 7. Bb3 d6 8. a3
O-O 9. Re1 Bg4 10. Be3 d5 11. h3 Bh5 12. Nbd2 h6 13. c3 Qd6 14. Qc2 Bg6 15.
Rad1 Qd7 16. Qc1 Rfe8 17. Nf1 Bf8 18. Ng3 Na5 19. Ba2 dxe4 20. Nxe4 Qc6 21. Ng3
Rad8 22. b4 Nb7 23. d4 exd4 24. Nxd4 Qb6 25. Ne6 Rxd1 26. Rxd1 Qc6 27. Nxf8
Rxf8 28. Bxh6 Nd6 29. Qg5 1-0

[Event "Porto Mannu Open 2009"]
[Site "Palau"]
[Date "2009.05.17"]
[Round "2.6"]
[White "Loeffler, S. (IM)."]
[Black "Lemos, D. (GM)."]
[Result "0-1"]
[WhiteElo "2412"]
[BlackElo "2512"]
[PlyCount "63"]
[EventDate "2009.05.16"]
[EventCountry "ITA"]

1. d4 d5 2. Bf4 Bg4 3. f3 Bh5 4. c4 e6 5. Nc3 Bb4 6. cxd5 exd5 7. Qb3 Nc6 8. e4
Nge7 9. Bb5 O-O 10. Bxc6 Nxc6 11. Qxd5 Qxd5 12. exd5 Rfe8+ 13. Kf2 Nxd4 14.
Bxc7 Bxc3 15. bxc3 Nb5 16. Ba5 b6 17. Rb1 Na3 18. Rb3 Nc4 19. Bb4 a5 20. Ba3 a4
21. Rb4 Nxa3 22. Ne2 b5 23. Nd4 Rac8 24. Nc6 f6 25. c4 Nxc4 26. Rxb5 Ne5 27.
Ra5 Nxc6 28. dxc6 Re5 29. Rxe5 fxe5 30. Rc1 Be8 31. Rc5 Rxc6 32. Rxe5 0-1

[Event "Porto Mannu Open 2009"]
[Site "Palau"]
[Date "2009.05.17"]
[Round "2.8"]
[White "Stromboli, C."]
[Black "Cori, J. (FM)."]
[Result "1/2-1/2"]
[WhiteElo "2283"]
[BlackElo "2418"]
[PlyCount "215"]
[EventDate "2009.05.16"]
[EventCountry "ITA"]

1. e4 e5 2. Nf3 Nc6 3. d4 exd4 4. Bc4 Nf6 5. O-O Be7 6. e5 Ne4 7. Bd5 Nc5 8.
Re1 O-O 9. Nxd4 Nxd4 10. Qxd4 c6 11. Bf3 d5 12. exd6 Qxd6 13. Qxd6 Bxd6 14. Nd2
Bf5 15. Nc4 Bc7 16. Be3 Nd7 17. Rad1 Nb6 18. Na5 Rab8 19. Bc5 Rfc8 20. Be4 Be6
21. Bd6 Bxd6 22. Rxd6 Na4 23. b3 Nc3 24. a4 Re8 25. Bd3 Bxb3 26. Rxe8+ Rxe8 27.
f3 Bd5 28. Nxb7 Nxa4 29. c4 Nb2 30. Bxh7+ Kxh7 31. cxd5 cxd5 32. Rxd5 Re7 33.
Nd6 Rd7 34. Rd2 Na4 35. Ra2 Nc3 36. Ra6 f6 37. Rc6 Ne2+ 38. Kf2 Nf4 39. Ra6
Nd3+ 40. Kg3 Nb4 41. Ra4 Nc6 42. Ne4 a5 43. Rc4 Ne5 44. Ra4 Ra7 45. Nd6 Ra6 46.
Nb5 Nc6 47. Nd6 Rb6 48. Ne4 Kg6 49. Nd6 Rb4 50. Ra2 f5 51. Rc2 Nd4 52. Rc4 Kf6
53. Rxb4 axb4 54. Nc4 Nc2 55. h4 b3 56. Kf4 Ne1 57. g4 Nd3+ 58. Ke3 b2 59. Nd2
Ne5 60. Kf4 Nd3+ 61. Ke3 Ne5 62. Kf4 Ng6+ 63. Kg3 f4+ 64. Kh3 Ke6 65. Nb1 Ne5
66. Kg2 Ng6 67. Kh3 Kd5 68. h5 Ne5 69. Kg2 Nf7 70. Kf2 Ng5 71. Ke2 Kd4 72. Nd2
Kc3 73. Nb1+ Kc2 74. Na3+ Kc1 75. Kd3 Nxf3 76. Ke4 Ne1 77. g5 Nc2 78. Nb1 f3
79. Kxf3 Nd4+ 80. Kg4 Kxb1 81. h6 gxh6 82. gxh6 Nc6 83. h7 Ne5+ 84. Kf5 Ka2 85.
h8=Q b1=Q+ 86. Ke6 Qb3+ 87. Kf5 Qc2+ 88. Ke6 Qc4+ 89. Kf5 Qd3+ 90. Ke6 Qb3+ 91.
Kf5 Qf3+ 92. Ke6 Nc4 93. Qb8 Qe4+ 94. Kf6 Qc6+ 95. Ke7 Ka3 96. Qa7+ Kb4 97. Qd4
Qc7+ 98. Ke6 Qc8+ 99. Ke7 Qf5 100. Kd8 Qe6 101. Kc7 Qe7+ 102. Kc6 Qe6+ 103. Kc7
Qf7+ 104. Kd8 Ka5 105. Qc5+ Ka6 106. Qc6+ Nb6 107. Qb5+ Kb7 108. Qc6+ 1/2-1/2

[Event "Porto Mannu Open 2009"]
[Site "Palau"]
[Date "2009.05.17"]
[Round "2.9"]
[White "Hillarp, Persson Tiger"]
[Black "Van Eijk, Sander"]
[Result "1-0"]
[WhiteElo "2618"]
[BlackElo "2319"]
[PlyCount "69"]
[EventDate "2009.05.16"]
[EventCountry "ITA"]

1. e4 c5 2. Nf3 a6 3. b4 d5 4. exd5 cxb4 5. c4 bxc3 6. Nxc3 Nf6 7. Qb3 Nbd7 8.
Ba3 Nb6 9. Rc1 Nbxd5 10. Nxd5 Nxd5 11. Bc4 e6 12. Bxf8 Rxf8 13. O-O Nc7 14. Qc2
g6 15. Bb3 Nb5 16. d4 f6 17. Rfd1 Nd6 18. h4 Kf7 19. h5 Qe7 20. Re1 Qd8 21. Nh4
f5 22. Nf3 Ne8 23. Qd2 Kg7 24. h6+ Kh8 25. d5 e5 26. Rxe5 Bd7 27. Rxe8 Bxe8 28.
d6 Rf6 29. Rc7 Qxd6 30. Qc3 Ba4 31. Ng5 Bxb3 32. Rxh7+ Kg8 33. Qxb3+ Re6 34.
Rg7+ Kh8 35. Nf7# 1-0

[Event "Porto Mannu Open 2009"]
[Site "Palau"]
[Date "2009.05.17"]
[Round "2.10"]
[White "Korneev, Oleg"]
[Black "Friedrich, Norbert"]
[Result "1-0"]
[WhiteElo "2587"]
[BlackElo "2350"]
[PlyCount "80"]
[EventDate "2009.05.16"]
[EventCountry "ITA"]

1. e4 c5 2. Nf3 e6 3. d4 cxd4 4. Nxd4 a6 5. Bd3 Nf6 6. O-O Qc7 7. Qe2 Bd6 8.
Kh1 Nc6 9. Nxc6 dxc6 10. a4 e5 11. Nd2 Bg4 12. Qe3 Be6 13. Nc4 O-O 14. Nxd6
Qxd6 15. Qg3 Ne8 16. f4 f6 17. f5 Bf7 18. Qh4 Kh8 19. Rf3 Bg8 20. Rh3 Qd4 21.
c3 Qd7 22. Bc2 Nd6 23. b3 Rfd8 24. Be3 Qe8 25. Bb6 Rd7 26. Rd1 Nc8 27. Rxd7
Qxd7 28. Rd3 Qe7 29. Bd8 Qf8 30. Qe1 Nd6 31. Bb6 Nc8 32. Bc7 Qe7 33. Bd8 Qe8
34. Qd1 Ne7 35. Bb6 Bf7 36. a5 Bg8 37. h3 Rb8 38. Kh2 Rc8 39. Rd7 c5 40. Rxb7
Nc6 1-0

[Event "Porto Mannu Open 2009"]
[Site "Palau"]
[Date "2009.05.17"]
[Round "2.11"]
[White "Naumkin, Igor"]
[Black "Sprotte, Norbert"]
[Result "1/2-1/2"]
[WhiteElo "2488"]
[BlackElo "2217"]
[PlyCount "87"]
[EventDate "2009.05.16"]
[EventCountry "ITA"]

1. d4 d5 2. c4 c6 3. Nf3 Nf6 4. Nc3 Qb6 5. a3 g6 6. Bf4 dxc4 7. Ne5 Qxb2 8. Rc1
Qxa3 9. e4 b5 10. d5 Nh5 11. Bd2 Qd6 12. Nxc6 Nxc6 13. Nxb5 Qb8 14. Bxc4 a6 15.
dxc6 axb5 16. c7 Qb6 17. Qb3 Bg7 18. Bxb5+ Kf8 19. O-O h6 20. Qd5 Bb7 21. Bc6
e6 22. Bxb7 exd5 23. Bxa8 Ke7 24. c8=Q Rxc8 25. Rxc8 d4 26. Rfc1 Be5 27. g3 g5
28. Kg2 Qb2 29. R1c2 Qa3 30. R2c4 Qd3 31. Bb4+ Kf6 32. R4c6+ Kg7 33. Bf8+ Kg8
34. Rb6 g4 35. Bxh6+ Kh7 36. Rc1 Nf6 37. Bg5 Nxe4 38. Bxe4+ Qxe4+ 39. Kg1 d3
40. Rbb1 Bd4 41. Re1 Qf3 42. Be3 d2 43. Bxd4 dxe1=Q+ 44. Rxe1 1/2-1/2

[Event "Porto Mannu Open 2009"]
[Site "Palau"]
[Date "2009.05.17"]
[Round "2.12"]
[White "Bitalzadeh, Ali"]
[Black "D'Amore, Carlo"]
[Result "0-1"]
[WhiteElo "2417"]
[BlackElo "2483"]
[PlyCount "50"]
[EventDate "2009.05.16"]
[EventCountry "ITA"]

1. e4 e5 2. Nf3 Nc6 3. d4 exd4 4. Nxd4 Bc5 5. Be3 Qf6 6. c3 Nge7 7. g3 h5 8. h3
h4 9. g4 Ng6 10. Qa4 O-O 11. Nd2 a6 12. g5 Qe5 13. O-O-O b5 14. Nxb5 Bxe3 15.
fxe3 Rb8 16. Nd4 Qxg5 17. Nxc6 dxc6 18. Qxc6 Be6 19. Nc4 Rfd8 20. Rxd8+ Rxd8
21. Kc2 Qg3 22. Kb3 Ne5 23. Qc5 Rd1 24. Kc2 Nxc4 25. Kxd1 Qf3+ 0-1

[Event "Porto Mannu Open 2009"]
[Site "Palau"]
[Date "2009.05.17"]
[Round "2.13"]
[White "Paglietti, Nicola"]
[Black "Kraemer, Stefan"]
[Result "1-0"]
[WhiteElo "2269"]
[BlackElo "2278"]
[PlyCount "39"]
[EventDate "2009.05.16"]
[EventCountry "ITA"]

1. e4 e6 2. d3 c5 3. Nf3 Nc6 4. Nc3 d6 5. g3 g6 6. Bg2 Bg7 7. O-O Nge7 8. Ne2
O-O 9. c3 b6 10. d4 Bb7 11. e5 d5 12. Nf4 cxd4 13. cxd4 Rc8 14. Bd2 Nf5 15. Bc3
a5 16. Bh3 b5 17. Bxf5 exf5 18. h4 Bh6 19. Bd2 Re8 20. Ng5 1-0

[Event "Porto Mannu Open 2009"]
[Site "Palau"]
[Date "2009.05.17"]
[Round "2.14"]
[White "Cmilyte, Viktorija"]
[Black "Vita, Fabrizio"]
[Result "1-0"]
[WhiteElo "2498"]
[BlackElo "2084"]
[PlyCount "111"]
[EventDate "2009.05.16"]
[EventCountry "ITA"]

1. d4 Nf6 2. c4 g6 3. Nc3 Bg7 4. g3 c6 5. e4 d6 6. Bg2 O-O 7. Nge2 Nbd7 8. O-O
Rb8 9. b4 e5 10. d5 cxd5 11. cxd5 Ne8 12. Be3 a6 13. Qd3 b5 14. a4 bxa4 15.
Rxa4 f5 16. f3 Ndf6 17. exf5 gxf5 18. Ba7 Rb7 19. Bf2 Nc7 20. Rb1 Bd7 21. Ra5
Qe7 22. Nc1 Rfb8 23. N1a2 Re8 24. Re1 Reb8 25. Bh3 Rf8 26. Bxf5 Bxf5 27. Qxf5
Nfxd5 28. Nxd5 Nxd5 29. Qe4 Nf6 30. Qe2 Qe6 31. Rxa6 Ne8 32. Ra3 Rbf7 33. b5
Qh3 34. b6 Nf6 35. Qf1 Qh5 36. h3 Bh6 37. Qg2 Nd5 38. g4 Qg6 39. Re4 Rb7 40.
Ra7 Rfb8 41. Rxb7 Rxb7 42. Qf1 Qf7 43. Qc4 Bd2 44. Qc6 Nf4 45. Ra4 Nxh3+ 46.
Kh2 Nxf2 47. Ra8+ Kg7 48. Qxb7 Qxb7 49. Ra7 Nd3 50. Rxb7+ Kg6 51. Rd7 Bf4+ 52.
Kh3 e4 53. fxe4 Nf2+ 54. Kg2 Nxe4 55. b7 d5 56. Rd8 1-0

[Event "Porto Mannu Open 2009"]
[Site "Palau"]
[Date "2009.05.17"]
[Round "2.15"]
[White "Peat, Matthew"]
[Black "Thorfinnsson, Bjorn"]
[Result "0-1"]
[WhiteElo "2075"]
[BlackElo "2422"]
[PlyCount "72"]
[EventDate "2009.05.16"]
[EventCountry "ITA"]

1. c4 Nf6 2. g3 c5 3. Bg2 Nc6 4. Nc3 g6 5. Nf3 Bg7 6. O-O d5 7. d4 dxc4 8. Qa4
Qa5 9. Qxa5 Nxa5 10. dxc5 Bd7 11. Ne5 Rc8 12. Be3 Be6 13. c6 Nxc6 14. Nxc6 bxc6
15. Bxa7 Nd5 16. Bxd5 cxd5 17. Rfd1 O-O 18. Bd4 f6 19. e4 dxe4 20. Nxe4 Bg4 21.
Re1 Rfd8 22. Bc3 e5 23. Kg2 Rd3 24. a4 f5 25. Ng5 Bf6 26. Nh3 f4 27. Nxf4 Rxc3
28. bxc3 exf4 29. Rec1 f3+ 30. Kg1 Bf5 31. a5 Ra8 32. Ra4 Bd3 33. h4 Ra6 34.
Kh2 g5 35. hxg5 Bxg5 36. Rd1 Bc2 0-1

[Event "Porto Mannu Open 2009"]
[Site "Palau"]
[Date "2009.05.17"]
[Round "2.16"]
[White "Miedema, Roi"]
[Black "Messina, Ottavio"]
[Result "1-0"]
[WhiteElo "2370"]
[BlackElo "2062"]
[PlyCount "67"]
[EventDate "2009.05.16"]
[EventCountry "ITA"]

1. d4 d5 2. c4 e6 3. Nc3 c6 4. e3 f5 5. g4 Nf6 6. gxf5 exf5 7. cxd5 cxd5 8. Qb3
Nc6 9. Bd2 Be7 10. Nh3 Na5 11. Qc2 Be6 12. Nf4 Kf7 13. Nxe6 Kxe6 14. f3 Nc4 15.
Nxd5 Nxd2 16. Nc7+ Kf7 17. Kxd2 Rc8 18. Bc4+ Kg6 19. Rag1+ Ng4 20. Rxg4+ Bg5
21. h4 h6 22. hxg5 Qxc7 23. gxh6+ Kf6 24. Qxf5+ Kxf5 25. Bd3+ Kf6 26. Rg6+ Kf7
27. Rxg7+ Kf6 28. Rxc7 Rxc7 29. h7 Rg7 30. Rh6+ Kg5 31. Rh2 Kf6 32. e4 Rg3 33.
Ke3 Kg5 34. Kf2 1-0

[Event "Porto Mannu Open 2009"]
[Site "Palau"]
[Date "2009.05.17"]
[Round "2.17"]
[White "Gohil, Harry"]
[Black "Neri, Enzo"]
[Result "1/2-1/2"]
[WhiteElo "2334"]
[BlackElo "2056"]
[PlyCount "56"]
[EventDate "2009.05.16"]
[EventCountry "ITA"]

1. d4 d5 2. Nf3 c6 3. e3 Bf5 4. c4 e6 5. Nc3 Nf6 6. Be2 Nbd7 7. Nh4 Bg6 8. Qb3
Qb6 9. Nxg6 hxg6 10. Bd2 Qc7 11. g3 Be7 12. Qc2 a6 13. e4 dxe4 14. Nxe4 Nxe4
15. Qxe4 Nf6 16. Qf3 Rd8 17. Bc3 b5 18. b3 O-O 19. O-O bxc4 20. bxc4 c5 21.
dxc5 Qxc5 22. Rfb1 Rb8 23. Rb7 Rxb7 24. Qxb7 Rd8 25. Rb1 Qf5 26. Rf1 Bc5 27.
Bb4 Bxb4 28. Qxb4 Qc2 1/2-1/2

[Event "Porto Mannu Open 2009"]
[Site "Palau"]
[Date "2009.05.17"]
[Round "2.18"]
[White "Glienke, Manfred"]
[Black "Beccaris, Gabriele"]
[Result "1-0"]
[WhiteElo "2318"]
[BlackElo "2048"]
[PlyCount "95"]
[EventDate "2009.05.16"]
[EventCountry "ITA"]

1. d4 Nf6 2. Nf3 e6 3. c4 c5 4. Nc3 cxd4 5. Nxd4 d5 6. e3 Be7 7. cxd5 Nxd5 8.
Bb5+ Bd7 9. Nxd5 exd5 10. Qb3 Bxb5 11. Qxb5+ Qd7 12. Qxd7+ Kxd7 13. Bd2 Nc6 14.
Bc3 Nxd4 15. Bxd4 f6 16. Ke2 b6 17. Rhd1 Ke6 18. Rd3 Rhd8 19. Rad1 Rac8 20. Bc3
g6 21. h3 h5 22. R1d2 f5 23. Kd1 Rc7 24. f3 Rcd7 25. Kc2 Bf6 26. Bxf6 Kxf6 27.
Kd1 Ke5 28. Rd4 Ke6 29. Ke2 Rd6 30. Kf2 R6d7 31. Kg3 Rg8 32. Rc2 Rd6 33. b4 a6
34. Rc7 Rgd8 35. a4 R8d7 36. Rc2 Rd8 37. Kf4 Kf6 38. h4 Re8 39. Rc3 b5 40. axb5
axb5 41. Rc5 Rde6 42. Rdxd5 Rxe3 43. Rd6+ Kf7 44. Kg5 R3e6 45. Rxe6 Rxe6 46.
Rxb5 Rd6 47. Rb7+ Kf8 48. b5 1-0

[Event "Porto Mannu Open 2009"]
[Site "Palau"]
[Date "2009.05.17"]
[Round "2.19"]
[White "Ori, Marco"]
[Black "Slavin, Alexei"]
[Result "0-1"]
[WhiteElo "2069"]
[BlackElo "2308"]
[PlyCount "112"]
[EventDate "2009.05.16"]
[EventCountry "ITA"]

1. e4 c5 2. Nf3 Nc6 3. Bb5 Qb6 4. Nc3 g6 5. Bxc6 dxc6 6. d3 Bg7 7. h3 e5 8. O-O
Qc7 9. Be3 b6 10. Qd2 Nf6 11. Bh6 O-O 12. Bxg7 Kxg7 13. Nh2 Nh5 14. Ne2 Be6 15.
f4 Nxf4 16. Nxf4 exf4 17. Rxf4 Qe5 18. Raf1 f6 19. c3 Rad8 20. Nf3 Rxd3 21.
Qxd3 Qxf4 22. b3 Qg3 23. Kh1 Rf7 24. Qe2 Re7 25. c4 Bf5 26. Nd2 Qe5 27. Qf2 Be6
28. Qh4 g5 29. Qf2 Qd4 30. Qf3 Qe5 31. Qf2 Qd4 32. Qf3 Bf7 33. e5 Qxe5 34. Qxc6
Qe6 35. Qf3 Bg6 36. Qf2 Bd3 37. Rd1 Qe2 38. Qxe2 Rxe2 39. Nf3 Bf5 40. Rd5 Be6
41. Rd2 Rxd2 42. Nxd2 Kg6 43. Kg1 Kf5 44. Kf2 Kf4 45. a3 a5 46. Nb1 Ke4 47. Ke2
Kd4 48. Kd2 a4 49. bxa4 Kxc4 50. Nc3 Kb3 51. a5 bxa5 52. Ne4 Kxa3 53. Nxc5 Bd5
54. g3 Kb4 55. Nd3+ Kc4 56. Nc1 a4 0-1

[Event "Porto Mannu Open 2009"]
[Site "Palau"]
[Date "2009.05.17"]
[Round "2.20"]
[White "Stromboli, Ettore"]
[Black "Buratti, Marco"]
[Result "1/2-1/2"]
[WhiteElo "2301"]
[BlackElo "2037"]
[PlyCount "63"]
[EventDate "2009.05.16"]
[EventCountry "ITA"]

1. e4 e5 2. Nf3 Nc6 3. Nc3 Nf6 4. a3 g6 5. Bb5 Qe7 6. O-O Bg7 7. d4 Nxd4 8.
Nxd4 exd4 9. e5 Ng4 10. Nd5 Qc5 11. Nf6+ Nxf6 12. exf6 Bxf6 13. Re1+ Kd8 14.
Qf3 Qf5 15. Qe2 c6 16. Bd3 Qe6 17. Qf1 Qd6 18. g3 Re8 19. Rxe8+ Kxe8 20. Bf4
Qf8 21. Re1+ Kd8 22. g4 d6 23. Qg2 Be6 24. Qf3 Bg7 25. b4 Kd7 26. b5 Bd5 27.
Qg3 Re8 28. bxc6+ bxc6 29. Rb1 Rb8 30. Re1 Re8 31. Rb1 Rb8 32. Re1 1/2-1/2

[Event "Porto Mannu Open 2009"]
[Site "Palau"]
[Date "2009.05.17"]
[Round "2.21"]
[White "Neubauer, Kai"]
[Black "Rodriguez Lopez, Rafael"]
[Result "1/2-1/2"]
[WhiteElo "2020"]
[BlackElo "2299"]
[PlyCount "61"]
[EventDate "2009.05.16"]
[EventCountry "ITA"]

1. d4 Nf6 2. c4 g6 3. Nc3 d5 4. cxd5 Nxd5 5. e4 Nxc3 6. bxc3 Bg7 7. Bc4 c5 8.
Be3 Qa5 9. Bd2 O-O 10. Rb1 Qc7 11. Qc1 Nc6 12. Ne2 Qd7 13. dxc5 Ne5 14. Bb5
Nd3+ 15. Bxd3 Qxd3 16. f3 Rd8 17. Be3 b6 18. Qd1 Bxc3+ 19. Kf2 Ba5 20. Qxd3
Rxd3 21. cxb6 Bxb6 22. Bxb6 axb6 23. Rxb6 Rxa2 24. Rb8 Rc3 25. Ra1 Rac2 26.
Raa8 Kg7 27. Kg3 Rxe2 28. Rxc8 Rb3 29. Rab8 Ra3 30. Ra8 Rb3 31. Rab8 1/2-1/2

[Event "Porto Mannu Open 2009"]
[Site "Palau"]
[Date "2009.05.17"]
[Round "2.22"]
[White "Gretarsson, Hjorvar Stein"]
[Black "Vallbona Domingo, Joan"]
[Result "1-0"]
[WhiteElo "2287"]
[BlackElo "1993"]
[PlyCount "59"]
[EventDate "2009.05.16"]
[EventCountry "ITA"]

1. d4 Nf6 2. c4 c5 3. d5 b5 4. cxb5 a6 5. b6 e6 6. Nc3 exd5 7. Nxd5 Nxd5 8.
Qxd5 Nc6 9. Nf3 Be7 10. Ne5 O-O 11. Nxc6 dxc6 12. Qxd8 Bxd8 13. e3 Rb8 14. Bd2
Bf6 15. Ba5 Bd8 16. Bc4 Bxb6 17. Bc3 Bc7 18. Ke2 Rd8 19. Rad1 Bb7 20. f4 Kf8
21. Bd3 h6 22. h3 a5 23. g4 Rd5 24. Bc4 Rdd8 25. h4 Bc8 26. Kf3 Bd7 27. h5 Ke7
28. g5 f6 29. gxf6+ gxf6 30. Rdg1 1-0

[Event "Porto Mannu Open 2009"]
[Site "Palau"]
[Date "2009.05.17"]
[Round "2.23"]
[White "Drei, Andrea"]
[Black "Virzi, Ettore"]
[Result "1-0"]
[WhiteElo "2278"]
[BlackElo "1986"]
[PlyCount "87"]
[EventDate "2009.05.16"]
[EventCountry "ITA"]

1. e4 e5 2. Nc3 Nc6 3. Nf3 Nf6 4. Bb5 Nd4 5. Nxe5 Bc5 6. Nd3 Nxb5 7. Nxb5 Nxe4
8. Nxc5 Nxc5 9. d4 Na6 10. O-O O-O 11. Re1 Re8 12. Bg5 Rxe1+ 13. Qxe1 f6 14.
Bf4 d6 15. Qe2 Qd7 16. Re1 Qf7 17. Qe8+ Qxe8 18. Rxe8+ Kf7 19. Rh8 h6 20. Nxa7
Rxa7 21. Rxc8 Ke6 22. g4 Nb4 23. a3 Nd5 24. Bd2 Ra4 25. c3 c5 26. Be3 c4 27.
Kg2 Ke7 28. Kf3 Ke6 29. Ke4 Ne7 30. Rb8 d5+ 31. Kf3 Ra7 32. h4 Nc6 33. Rc8 Ne7
34. Rc7 f5 35. h5 fxg4+ 36. Kxg4 Nf5 37. Bf4 Ne7 38. Be5 g6 39. Bf4 gxh5+ 40.
Kxh5 Nc6 41. Bxh6 Kf5 42. f3 Na5 43. Rf7+ Ke6 44. Kg6 1-0

[Event "Porto Mannu Open 2009"]
[Site "Palau"]
[Date "2009.05.17"]
[Round "2.24"]
[White "Londers, Jan"]
[Black "Cori, T. Deysi"]
[Result "0-1"]
[WhiteElo "1988"]
[BlackElo "2262"]
[PlyCount "64"]
[EventDate "2009.05.16"]
[EventCountry "ITA"]

1. e4 e6 2. d4 d5 3. e5 c5 4. c3 Nc6 5. Nf3 Bd7 6. Bd3 Rc8 7. dxc5 Bxc5 8. O-O
Nge7 9. b4 Bb6 10. Re1 Ng6 11. Bxg6 hxg6 12. a4 a6 13. Na3 Ne7 14. Bb2 Nf5 15.
g3 g5 16. Nd4 Bxd4 17. cxd4 g4 18. Qxg4 Bxa4 19. Rac1 Rxc1 20. Rxc1 O-O 21. Qf3
Qe7 22. Qc3 f6 23. Qc5 Qf7 24. f4 Qg6 25. Kf2 Qh5 26. h4 fxe5 27. dxe5 Nxh4 28.
Qe3 d4 29. Qe2 Qg6 30. Bxd4 Nf5 31. Qd3 Rd8 32. Nc2 Bxc2 0-1

[Event "Porto Mannu Open 2009"]
[Site "Palau"]
[Date "2009.05.17"]
[Round "2.25"]
[White "Lapicki, Raul"]
[Black "Caglio, Luigi"]
[Result "1-0"]
[WhiteElo "2254"]
[BlackElo "1961"]
[PlyCount "59"]
[EventDate "2009.05.16"]
[EventCountry "ITA"]

1. e4 e5 2. Nf3 d6 3. d4 f5 4. dxe5 fxe4 5. Ng5 d5 6. e6 Bc5 7. Nxe4 Be7 8. Qg4
dxe4 9. Qxg7 Bxe6 10. Qxh8 Qd7 11. Qe5 Nc6 12. Qh5+ Bf7 13. Qd1 Qf5 14. c3 Rd8
15. Qc2 Ne5 16. Be3 Qg4 17. h3 Qg6 18. Nd2 Nd3+ 19. Bxd3 exd3 20. Qa4+ b5 21.
Qxb5+ c6 22. Qa4 Qh5 23. g4 Qd5 24. O-O-O Rb8 25. Rhe1 Kf8 26. Nb3 Nf6 27. Bh6+
Ke8 28. Qxa7 Nd7 29. Qe3 Be6 30. Rxd3 1-0

[Event "Porto Mannu Open 2009"]
[Site "Palau"]
[Date "2009.05.17"]
[Round "2.26"]
[White "Salzano, Guido"]
[Black "Sbarra, Marco"]
[Result "1/2-1/2"]
[WhiteElo "1984"]
[BlackElo "2232"]
[PlyCount "81"]
[EventDate "2009.05.16"]
[EventCountry "ITA"]

1. e4 e5 2. Nf3 Nc6 3. d4 exd4 4. Nxd4 Nf6 5. Nxc6 bxc6 6. e5 Qe7 7. Qe2 Nd5 8.
c4 Ba6 9. Nd2 Nb4 10. Nf3 c5 11. g3 f6 12. a3 Nc6 13. exf6 gxf6 14. Bf4 Qxe2+
15. Bxe2 Bb7 16. O-O-O O-O-O 17. Rhe1 d6 18. Bf1 Kb8 19. Bh3 Bg7 20. Nh4 Ne5
21. Nf5 Bc8 22. Bxe5 fxe5 23. Rd3 c6 24. Red1 Kc7 25. Bg4 h5 26. Bh3 Bf6 27. g4
hxg4 28. Bxg4 Rxh2 29. f3 Bg5+ 30. Kb1 Bxf5 31. Bxf5 d5 32. cxd5 cxd5 33. Rxd5
Rxd5 34. Rxd5 Be3 35. Rxe5 Bd4 36. Re7+ Kb6 37. Bc2 Rf2 38. Rf7 a5 39. f4 Rf1+
40. Ka2 Rf2 41. Kb1 1/2-1/2

[Event "Porto Mannu Open 2009"]
[Site "Palau"]
[Date "2009.05.17"]
[Round "2.27"]
[White "Chapman, Terry"]
[Black "Cavatorta, Fosco"]
[Result "1-0"]
[WhiteElo "2232"]
[BlackElo "1957"]
[PlyCount "77"]
[EventDate "2009.05.16"]
[EventCountry "ITA"]

1. Nf3 d6 2. d4 Bg4 3. e4 Nf6 4. Nc3 e6 5. h3 Bh5 6. Qe2 c6 7. g4 Bg6 8. h4 h5
9. g5 Nfd7 10. Bh3 Be7 11. d5 exd5 12. exd5 O-O 13. Be3 Nb6 14. Bxb6 axb6 15.
O-O Na6 16. dxc6 bxc6 17. Nd4 Qc7 18. Bg2 Nb8 19. Rfe1 Bd8 20. f4 Ra5 21. b4
Ra3 22. Ncb5 cxb5 23. Nxb5 Qd7 24. Nxa3 Qa4 25. Qe3 Qxb4 26. Rab1 Qc5 27. Qxc5
dxc5 28. Bh3 f6 29. Be6+ Bf7 30. g6 Bxe6 31. Rxe6 f5 32. Nc4 Bxh4 33. Nxb6 Bg3
34. Nd5 Nd7 35. Kg2 Bh4 36. Rh1 Bd8 37. Rxh5 Nf6 38. Nxf6+ Bxf6 39. Rxf5 1-0

[Event "Porto Mannu Open 2009"]
[Site "Palau"]
[Date "2009.05.17"]
[Round "2.28"]
[White "Shytaj, Carlo"]
[Black "Forno, Roberto"]
[Result "1-0"]
[WhiteElo "2212"]
[BlackElo "1944"]
[PlyCount "139"]
[EventDate "2009.05.16"]
[EventCountry "ITA"]

1. e4 d6 2. d4 g6 3. Nc3 Bg7 4. Be3 Nc6 5. Qd2 e5 6. Nge2 Nge7 7. d5 Nb8 8. Bh6
O-O 9. Ng3 f5 10. exf5 Nxf5 11. Bxg7 Kxg7 12. Bd3 Nh4 13. O-O Bh3 14. Be4 Rf4
15. Rae1 Nd7 16. gxh3 Rxe4 17. f4 Rxe1 18. Qxe1 Qe7 19. Nce4 h6 20. Qe3 Rf8 21.
c4 b6 22. b4 exf4 23. Rxf4 Rxf4 24. Qxf4 Ne5 25. Ne2 Nxc4 26. Nd4 Ne5 27. Ne6+
Kg8 28. Nf6+ Kf7 29. Ng4+ Nf5 30. Nxh6+ Ke8 31. Nxf5 gxf5 32. Qxf5 a5 33. bxa5
bxa5 34. Kg2 Nc4 35. Qe4 Ne5 36. h4 c6 37. Nd4 c5 38. Nf5 Qf6 39. Ne3 Kf7 40.
Qh7+ Ke8 41. Nf5 Nf7 42. Qg8+ Kd7 43. Qg4 Kc7 44. Kh3 Kb6 45. h5 c4 46. Qg6
Qc3+ 47. Ng3 Qf3 48. h6 Qf4 49. h7 Ng5+ 50. Qxg5 Qxg5 51. h8=Q Qxd5 52. Qc3 Kb5
53. Kg4 Qd1+ 54. Kf4 a4 55. Qb2+ Kc6 56. Nf5 Qd3 57. Qd4 Qf1+ 58. Kg5 Qg2+ 59.
Kf6 Qxh2 60. Qxc4+ Kb6 61. Qb4+ Kc7 62. Qa5+ Kb7 63. Qxa4 Qe5+ 64. Kg6 d5 65.
Qb5+ Ka7 66. a4 Qe6+ 67. Kg5 Qa6 68. Qc5+ Kb8 69. Nd6 Qa7 70. Qc8# 1-0